000 00780nam a2200229Ia 4500
003 GCL
008 140319s9999 xx 000 0 ara d
040 _aGCL /
_cGCL
082 0 4 _a320.101
_bم ع
100 1 _aمحمد على العوينى
245 1 0 _aالعلوم السياسية: دراسة فى الاصول والنظريات والتطبيق /
_cمحمد على العوينى
260 _a[S.N] :
_bعالم الكتب الحديث ،
_c1988
490 _a
650 0 4 _aالماركسية
650 0 4 _aالاشتراكية
650 0 4 _aالديمقراطية
650 0 4 _aالعلاقات الخارجية
650 0 4 _aالعلوم السياسية
650 0 4 _aالراى العام
650 0 4 _aالاسلام والسياسة
942 _2ddc
_cBK
999 _c55607
_d55607